Freud e os abismos da psique (Registo nº 29651)
[ vista simples ]
| 000 -Etiqueta do registo | |
|---|---|
| Valores | 00716cam a22002531 4500 |
| 090 ## - | |
| -- | 29651 |
| 095 ## - | |
| -- | PTBN00952181 |
| 100 ## - Dados gerais de processamento | |
| Dados gerais | 20090107d1976 k y0pory5003 ba |
| 101 1# - Língua de publicação | |
| -- | por |
| -- | fre |
| -- | ger |
| 102 ## - País de publicação | |
| -- | PT |
| 200 1# - Titulo e menção de responsabilidade | |
| Título próprio | Freud e os abismos da psique |
| Informação de outro título | textos seleccionados de Sigmund Freud |
| Primeira menção de responsabilidade | por Dina Dreyfus |
| 210 ## - Publicação | |
| Local de publicação | Lisboa |
| Nome do editor | Ed. Associados, |
| Data de publicação | cop. 1976 |
| 215 ## - Descrição física | |
| Paginação / Volumes | 249 p. |
| Dimensões | 19 cm |
| 225 2# - Colecção | |
| Título próprio da colecção | Biblioteca universal unibolso |
| Indicação de volume | 118 |
| 304 ## - Nota relativa ao título | |
| Texto de nota | Trad. de: Freud psychanalyse |
| 675 ## - CDU | |
| Notação | 159.96 |
| Edição | BN |
| Língua | por |
| 700 #1 - Autor principal (pessoa individual) | |
| Apelido | Freud, |
| Nome | Sigmund, |
| Datas | 1856-1939 |
| 702 #1 - Autor secundário (pessoa individual) | |
| Apelido | Dreyfus, |
| Nome | Dina |
| -- | 220 |
| 801 #0 - Fonte de origem | |
| País | PT |
| Agência | BN |
| Regras de catalogação | RPC |
| 930 ## - | |
| -- | BECRE |
| 998 ## - | |
| -- | LLE44-247 |
| 990 ## - Elementos KOHA | |
| Tipo de documento | Livro |
| 995 ## - Localização e informação dos exemplares | |
| -- | 18 |
| Situação do levantamento | Estado | Biblioteca de origem | Biblioteca de empréstimo | Código de barras | Cota | Permissão de empréstimo | Tipo de documento |
|---|---|---|---|---|---|---|---|
| Completo | Biblioteca da Escola Básica e Secundária Dr Isidoro de Sousa | Biblioteca da Escola Básica e Secundária Dr Isidoro de Sousa | 2318EV | 159.9 FRE | Disponível | Livro |